[Event "Hamb Einzelmeisterschaft 2024 Kandidaten"]
[Site "Hamburg"]
[Date "2024.05.23"]
[Round "6.1"]
[White "Sell, Eero"]
[Black "Tietz, Bennit"]
[Result "1/2-1/2"]
[WhiteElo "1843"]
[BlackElo "1896"]
[PlyCount "63"]
[EventDate "2024.??.??"]
[WhiteTeam "SchVgg Blankenese von 1923 e.V."]
[BlackTeam "Hamburger SK von 1830 eV"]

1. e4 c5 2. Nc3 Nc6 3. f4 g6 4. Nf3 Bg7 5. Bb5 Nd4 6. O-O Nxb5 7. Nxb5 d5 8. e5 d4 9. c3 a6 10. Na3 b5 11. cxd4 cxd4 12. d3 Bg4 13. h3 Bxf3 14. Qxf3 Ra7 15. b3 e6 16. Bb2 Ne7 17. Nc2 Rd7 18. Qe4 Nf5 19. Kh2 h5 20. Nb4 h4 21. Rfc1 a5 22. Nc6 Qb6 23. Rc2 O-O 24. Rac1 Bh6 25. Rc5 Ng3 26. Qf3 Nh5 27. R1c2 Bxf4+ 28. Kg1 Be3+ 29. Kh2 f6 30. Qe4 Bf4+ 31. Kg1 Be3+ 32. Kh2 1/2-1/2

[Event "Hamb Einzelmeisterschaft 2024 Kandidaten"]
[Site "Hamburg"]
[Date "2024.05.23"]
[Round "6.2"]
[White "Piepenhagen, Eric"]
[Black "Becker, Thomas"]
[Result "0-1"]
[WhiteElo "1914"]
[BlackElo "1911"]
[PlyCount "80"]
[EventDate "2024.??.??"]
[WhiteTeam "Niendorfer TSV 1919 SAbt"]
[BlackTeam "Volksdorfer SK 1948"]

1. e4 c5 2. Nf3 e6 3. d4 cxd4 4. Nxd4 Nf6 5. Nc3 d6 6. g4 h6 7. h4 Be7 8. Rg1 d5 9. exd5 Nxd5 10. Bb5+ Kf8 11. g5 Nxc3 12. bxc3 e5 13. Nf3 Qxd1+ 14. Kxd1 e4 15. Nd4 h5 16. Bf4 a6 17. Bc4 Bg4+ 18. Kd2 Nc6 19. Rgb1 Nxd4 20. cxd4 b5 21. Be2 f5 22. Bf1 Kf7 23. a4 b4 24. Bc4+ Kg6 25. a5 Rhd8 26. c3 Rdc8 27. Bd5 bxc3+ 28. Kc2 Be2 29. Rb6+ Kh7 30. Bxa8 Bd3+ 31. Kc1 Rxa8 32. d5 Bc5 33. Rc6 Bxf2 34. Ra3 Bd4 35. d6 Bb5 36. Rc7 e3 37. Kd1 e2+ 38. Ke1 Re8 39. Ra2 Bf2+ 40. Kxf2 e1=Q+ 0-1

[Event "Hamb Einzelmeisterschaft 2024 Kandidaten"]
[Site "Hamburg"]
[Date "2024.05.23"]
[Round "6.3"]
[White "Emami, Madjid"]
[Black "Schiller, Thomas"]
[Result "1/2-1/2"]
[WhiteElo "1937"]
[BlackElo "1852"]
[PlyCount "92"]
[EventDate "2024.??.??"]
[WhiteTeam "Hamburger SK von 1830 eV"]
[BlackTeam "SK Johanneum Eppendorf"]

1. Nf3 d5 2. b3 Nf6 3. Bb2 g6 4. e3 Bg7 5. c4 c6 6. Be2 O-O 7. O-O Re8 8. Qc2
Bg4 9. d3 dxc4 10. bxc4 Nbd7 11. h3 Bxf3 12. Bxf3 e5 13. Nc3 Qc7 14. Rfd1 a6
15. Ne2 c5 16. Rac1 Rab8 17. Nc3 Nb6 18. Ba3 Red8 19. Rb1 Nfd7 20. Nd5 Nxd5 21.
cxd5 b5 22. e4 Rdc8 23. Rdc1 a5 24. Re1 Bf8 25. Bg4 Bd6 26. Bc1 h5 27. Bf3 Nf6
28. Qd2 Bf8 29. Qg5 Qe7 30. Qh4 Ne8 31. Qg3 Bg7 32. Be2 Nd6 33. f4 c4 34. fxe5
Bxe5 35. Bf4 Bxf4 36. Qxf4 c3 37. g4 g5 38. Qe3 h4 39. e5 f6 40. e6 b4 41. Rec1
Rb5 42. Qd4 Rbc5 43. Rf1 Kg7 44. Rbc1 Nb5 45. Qe4 Nd6 46. Qd4 Nb5 1/2-1/2

[Event "Hamb Einzelmeisterschaft 2024 Kandidaten"]
[Site "Hamburg"]
[Date "2024.05.23"]
[Round "6.4"]
[White "Laucht, Philipp"]
[Black "Schwarzman, Isja"]
[Result "1-0"]
[WhiteElo "1801"]
[BlackElo "1875"]
[PlyCount "37"]
[EventDate "2024.??.??"]
[WhiteTeam "SK Johanneum Eppendorf"]
[BlackTeam "Hamburger SK von 1830 eV"]

1. d4 e5 2. dxe5 d6 3. exd6 Bxd6 4. Nf3 Bg4 5. e3 Nc6 6. Be2 Qe7 7. Nd4 Bd7 8. Bf3 O-O-O 9. Nxc6 Bxc6 10. Bxc6 Bb4+ 11. Bd2 bxc6 12. Qg4+ Rd7 13. Bxb4 Qd8 14. O-O Nf6 15. Qc4 Kb7 16. Nc3 Nd5 17. Na4 Nb6 18. Nc5+ Ka8 19. Qa6 1-0

[Event "Hamb Einzelmeisterschaft 2024 Kandidaten"]
[Site "Hamburg"]
[Date "2024.05.23"]
[Round "6.5"]
[White "Ruider, Thomas"]
[Black "Schacht, David"]
[Result "1-0"]
[WhiteElo "1846"]
[BlackElo "1770"]
[PlyCount "109"]
[EventDate "2024.??.??"]
[WhiteTeam "SF Sasel 1947"]
[BlackTeam "SchVgg Blankenese von 1923 e.V."]

1. d4 d5 2. Bf4 c5 3. e3 cxd4 4. exd4 Nc6 5. c3 f6 6. Bb5 e6 7. Nd2 Bd6 8. Bg3 e5 9. dxe5 fxe5 10. Qe2 Qe7 11. Qh5+ g6 12. Qe2 Nf6 13. Ngf3 O-O 14. O-O e4 15. Bxd6 Qxd6 16. Nd4 Nxd4 17. cxd4 Bg4 18. f3 exf3 19. Nxf3 Ne4 20. Qe3 Qb4 21. Bd3 Bxf3 22. Rxf3 Rxf3 23. gxf3 Qxb2 24. Re1 Qd2 25. fxe4 Qxe3+ 26. Rxe3 dxe4 27. Rxe4 Rd8 28. Kf2 a6 29. Ke3 b5 30. Re6 Ra8 31. Ke4 Kf7 32. Ke5 a5 33. Bxb5 a4 34. Bc4 Rh8 35. Ra6+ Kg7 36. Rxa4 Rb8 37. Be6 Rb2 38. h3 Re2+ 39. Kd6 Kf6 40. d5 g5 41. Ra6 h5 42. Ra4 Rb2 43. Ra3 Rb4 44. Rf3+ Kg6 45. Ke7 Rb7+ 46. Bd7 g4 47. hxg4 hxg4 48. Rg3 Kh7 49. Rxg4 Ra7 50. a4 Ra6 51. d6 Ra7 52. Ke6 Kh6 53. Be8 Rb7 54. Kf6 Rb6 55. Rh4# 1-0

[Event "Hamb Einzelmeisterschaft 2024 Kandidaten"]
[Site "Hamburg"]
[Date "2024.05.23"]
[Round "6.6"]
[White "Becker-Bertau, Friedrich"]
[Black "Malchereck, Romeo"]
[Result "1-0"]
[WhiteElo "1932"]
[BlackElo "1774"]
[PlyCount "39"]
[EventDate "2024.??.??"]
[WhiteTeam "Langenhorner SF 1928"]
[BlackTeam "Hamburger SK von 1830 eV"]

1. e4 e5 2. Nc3 Nf6 3. f4 d6 4. Nf3 Nc6 5. Bb5 exf4 6. d4 a6 7. Bxc6+ bxc6 8. Bxf4 Be7 9. O-O Bg4 10. Qe1 O-O 11. h3 Bh5 12. e5 dxe5 13. Bxe5 Qb8 14. Nh4 Bg6 15. Nxg6 hxg6 16. Ne4 Qxb2 17. Nxf6+ gxf6 18. Rxf6 Bxf6 19. Bxf6 g5 20. Qd1 1-0

[Event "Hamb Einzelmeisterschaft 2024 Kandidaten"]
[Site "Hamburg"]
[Date "2024.05.23"]
[Round "6.7"]
[White "Srinath, Manish"]
[Black "Atri, Jamshid"]
[Result "0-1"]
[WhiteElo "1729"]
[BlackElo "1991"]
[PlyCount "150"]
[EventDate "2024.??.??"]
[WhiteTeam "Hamburger SK von 1830 eV"]
[BlackTeam "Hamburger SK von 1830 eV"]

1. e4 d6 2. d4 Nf6 3. f3 e5 4. Be3 exd4 5. Bxd4 Nc6 6. Nc3 Nxd4 7. Qxd4 Be7 8.
O-O-O c5 9. Qf2 Qa5 10. Bc4 O-O 11. Nge2 Rb8 12. Qe1 Qb4 13. Bb3 c4 14. a3 Qc5
15. Ba2 b5 16. Nd5 Nxd5 17. Rxd5 Qb6 18. Nd4 a6 19. Nf5 Bxf5 20. Rxf5 a5 21. c3
Rfc8 22. h4 Rc5 23. Qe3 Rxf5 24. Qxb6 Rxb6 25. exf5 d5 26. Re1 Kf8 27. g3 Bc5
28. Re2 b4 29. axb4 axb4 30. cxb4 Bxb4 31. g4 Bd6 32. Kc2 Ra6 33. Bb1 Bg3 34.
h5 Bf4 35. b3 cxb3+ 36. Kxb3 Rb6+ 37. Kc2 f6 38. Ba2 d4 39. Re6 Rb5 40. Bc4 Rb4
41. Bd3 Rb7 42. Bc4 Be3 43. Kd3 Rb4 44. Ba2 Rb2 45. Bc4 Rd2+ 46. Ke4 Rc2 47.
Bd3 Rd2 48. Bb5 Rc2 49. Kd5 Rc8 50. Ke4 Bf2 51. Bd3 Rb8 52. Bc4 Rb4 53. Bd3 Be3
54. Ba6 Kf7 55. Bd3 g6 56. hxg6+ hxg6 57. Rc6 g5 58. Bc4+ Kg7 59. Bd3 Rb7 60.
Re6 Rd7 61. Bb5 Rb7 62. Bd3 Rb4 63. Kd5 Bf4 64. Kc5 Ra4 65. Kb5 Ra3 66. Kc4 Be5
67. Be4 Rc3+ 68. Kb4 Re3 69. Kc4 Rc3+ 70. Kb4 Kf8 71. Bb1 Rxf3 72. Bc2 d3 73.
Bd1 Rf1 74. Ba4 Rf4+ 75. Kb3 Rxa4 0-1

[Event "Hamb Einzelmeisterschaft 2024 Kandidaten"]
[Site "Hamburg"]
[Date "2024.05.23"]
[Round "6.8"]
[White "Johanssen, Torsten"]
[Black "Quitzau, Lukas"]
[Result "1-0"]
[WhiteElo "1906"]
[BlackElo "1827"]
[PlyCount "59"]
[EventDate "2024.??.??"]
[WhiteTeam "SC Diogenes e.V."]
[BlackTeam "Barmbeker SK 1926 eV"]

1. c4 Nf6 2. Nc3 d6 3. d4 e5 4. Nf3 exd4 5. Nxd4 Be7 6. e4 O-O 7. Be2 Re8 8. O-O Na6 9. Be3 Bf8 10. f3 c6 11. Qd2 Nc5 12. Rfd1 a5 13. b3 h6 14. Rac1 Nh7 15. Nxc6 Nxb3 16. Nxd8 Nxd2 17. Rxd2 Rxd8 18. Bb6 Rd7 19. Nd5 Ra6 20. c5 Rxb6 21. cxb6 Rd8 22. Rdc2 Be6 23. Rc7 Re8 24. Bb5 Rb8 25. Bd7 Ng5 26. Rc8 Bxd7 27. Rxb8 Ne6 28. Rxb7 Nc5 29. Rxc5 dxc5 30. Rxd7 1-0

[Event "Hamb Einzelmeisterschaft 2024 Kandidaten"]
[Site "Hamburg"]
[Date "2024.05.23"]
[Round "6.10"]
[White "Priess, Holger"]
[Black "Meyer, Winfried"]
[Result "0-1"]
[WhiteElo "1789"]
[BlackElo "1777"]
[PlyCount "66"]
[EventDate "2024.??.??"]
[WhiteTeam "SF Hamburg e.V. 1934"]
[BlackTeam "Langenhorner SF 1928"]

1. d4 Nf6 2. Bf4 c5 3. e3 Qb6 4. b3 g6 5. Nf3 Bg7 6. Nbd2 cxd4 7. Nxd4 O-O 8. Be2 Nd5 9. Bxb8 Rxb8 10. Nc4 Qc5 11. Qd2 b5 12. b4 Qxb4 13. Qxb4 Nxb4 14. Rb1 Bxd4 15. Rxb4 Bc3+ 16. Kd1 Bxb4 17. a3 bxc4 18. axb4 Rxb4 19. Kd2 d5 20. Ra1 a6 21. Kc3 Rb6 22. e4 Bb7 23. exd5 Bxd5 24. Bxc4 Rc8 25. Ra4 Rxc4+ 26. Rxc4 Bxc4 27. Kxc4 a5 28. Kc5 Rb2 29. c4 a4 30. Kd5 a3 31. c5 a2 32. c6 a1=Q 33. c7 Rc2 0-1